ბათუმის შოთა რუსთაველის სახელმწიფო უნივერსიტეტის ბიბლიოთეკა

წმინდა მაკარი მმარხველი ; ღირსი კოზმან ხუცეს-მონაზონი ; ღირსი მამა ქრისტოდულე ფილოსოფოსი / (ბიბ.ჩანაწერი № 51493)

000 -ლიდერი
ფიქსირებული სიგრძის საკონტროლო ველი 02151nam a2200301Ia 4500
001 - საკონტროლო ნომერი
საკონტროლო ველი 18479
003 - საკონტროლო ნომრის იდენტიფიკატორი
საკონტროლო ველი GE_BSU
005 - ბოლო ოპერაციის თარიღი და დრო
საკონტროლო ველი 20250304172028.0
008 - ფიქსირებული სიგრძის მონაცემთა ელემენტები - ზოგადი ინფორმაცია
ფიქსირებული სიგრძის საკონტროლო ველი 181216s2016||||ge |||||||||||||| ||geo||
020 ## - წიგნის საერთაშორისო სტანდარტული ნომერი
International Standard Book Number 9789941242021
040 ## - კატალოგიზაციის წყარო
Transcribing agency GE_BSU
041 ## - ენის კოდი
Language code of text/sound track or separate title geo
080 ## - უნივერსალური ათობითი კლასიფიკაციის ინდექსი
Universal Decimal Classification number 27-36 წ-71
245 ## - ცნობა სათაურის შესახებ
Title წმინდა მაკარი მმარხველი ; ღირსი კოზმან ხუცეს-მონაზონი ; ღირსი მამა ქრისტოდულე ფილოსოფოსი /
Statement of responsibility, etc შემდგენელი კახაბერ კენკიშვილი ; გარეკანის დიზაინი რატი თორდია.
264 ## - წარმოების, გამოცემის, დისტრიბუციის და სხვა ცნობები
გამოცემის, წარმოების, დისტრიბუციის... ადგილი თბილისი :
გამოცემის, წარმოების, დისტრიბუციის... სახელწოდება პალიტრა L,
გამოცემის, წარმოების, დისტრიბუციის... თარიღი 2016.
300 ## - ფიზიკური აღწერა
Extent 197გვ. ;
Dimensions 20 სმ.
490 ## - სერიის ცნობა
Series statement საქართველოს იმედი II : ყველა წმინდანი, რომელთა შესახებაც უნდა იცოდე, 2298-0547 / პროექტის რედაქტორი თამარ მამაცაშვილი ;
Volume number/sequential designation წ. 42
500 ## - ზოგადი შენიშვნა
General note იბეჭდება სრულიად საქართველოს კათოლიკოს-პატრიარქის, უწმინდესისა და უნეტარესის ილია II-ის ლოცვა-კურთხევით
653 ## - INDEX TERM--UNCONTROLLED
Uncontrolled term რელიგია
653 ## - INDEX TERM--UNCONTROLLED
Uncontrolled term წმინდა მაკარი მმარხველი
653 ## - INDEX TERM--UNCONTROLLED
Uncontrolled term ღირსი კოზმან ხუცეს-მონაზონი
653 ## - INDEX TERM--UNCONTROLLED
Uncontrolled term ღირსი მამა ქრისტოდულე ფილოსოფოსი
700 ## - ADDED ENTRY--PERSONAL NAME
Personal name კენკიშვილი, კახაბერ
Relator term შემდგენელი
9 (RLIN) 24452
700 ## - ADDED ENTRY--PERSONAL NAME
Personal name მამაცაშვილი, თამარ
Relator term პროექტის რედაქტორი
9 (RLIN) 24453
700 ## - ADDED ENTRY--PERSONAL NAME
Personal name თორდია, რატი
Relator term გარეკანის დიზაინერი
9 (RLIN) 17902
942 ## - ADDED ENTRY ELEMENTS (KOHA)
Koha item type წიგნი
Source of classification or shelving scheme
ეგზემპლარები
ჩამოწერის სტატუსი დაკარგული ეგზემპლარის სტატუსი კლასიფიკაციის წყარო ან თაროზე გაწყობის სქემა დაზიანების სტატუსი არ გაიცემა მუდმივი მდებარეობა (დაცვის ადგილი) ამჟამინდელი ადგილსამყოფელი თაროზე განთავსების ადგილი შეძენის თარიღი ღირებულება, შესყიდვის ნორმალური ფასი სრული შენახვის შიფრი შტრიხკოდი ბოლო ოპერაციის თარიღი ეგზემპლარის მიმდევრობითი ნომერი (კეტერი?) ფასის ძალაში შესვლის თარიღი ეგზემპლარის სახეობა საჯარო შენიშვნა
          ბათუმის შოთა რუსთაველის სახელმწიფო უნივერსიტეტის მთავარი ბიბლიოთეკა ბათუმის შოთა რუსთაველის სახელმწიფო უნივერსიტეტის მთავარი ბიბლიოთეკა წიგნსაცავი 2018-12-17 2.00 27-36 წ-71 27773 2018-12-17 27773 2018-12-17 წიგნი 2.00 ₾.